Malta International Airport Destinations (Luqa, Malta) - Statistics

General Stats
  • This quiz has been taken 349 times
    155 since last reset
  • The average score is 75 of 113
Answer Stats
Airline Destination % Correct
ITA Airways/KM Malta Airlines/Ryanair Rome (Fiumicino)
100%
British Airways/easyJet/KM Malta Airlines London (Gatwick)
99%
KM Malta Airlines London (Heathrow)
99%
easyJet/Ryanair London (Luton)
99%
easyJet London (Southend)
99%
Jet2.com/Ryanair London (Stansted)
99%
Aegean Airlines/Ryanair Athens
97%
Ryanair/Vueling Barcelona
97%
KM Malta Airlines Berlin
97%
ITA Airways/KM Malta Airlines Milan (Linate)
97%
easyJet/Ryanair Milan (Malpensa)
97%
KM Malta Airlines/Ryanair Madrid
95%
Air France/KM Malta Airlines Paris (Charles de Gaulle)
94%
KM Malta Airlines/Transavia Paris (Orly)
94%
easyJet/KM Malta Airlines Amsterdam
92%
Norwegian Air Shuttle Oslo
92%
KM Malta Airlines/Swiss International Air Lines Zürich
92%
easyJet/Jet2.com/Ryanair Manchester
91%
KM Malta Airlines/Lufthansa Munich
91%
Norwegian Air Shuttle/Scandinavian Airlines Copenhagen
90%
Aer Lingus/Ryanair Dublin
90%
KM Malta Airlines/Turkish Airlines Istanbul
90%
KM Malta Airlines Brussels
89%
Ryanair/Wizz Air Budapest
89%
LOT Polish Airlines/Wizz Air Warsaw (Chopin)
89%
Ryanair Warsaw (Modlin)
89%
Jet2.com/Ryanair Edinburgh
88%
Ryanair Lisbon
88%
easyJet/Ryanair Naples
88%
Tunisair Express Tunis
88%
Ryanair/Wizz Air Bucharest (Otopeni)
86%
Emirates Dubai (International)
86%
Air Malta/Lufthansa Frankfurt
86%
Ryanair Stockholm (Arlanda)
86%
Air Serbia/Wizz Air Belgrade
85%
Jet2.com/Ryanair Glasgow
84%
KM Malta Airlines Lyon
83%
Ryanair Marseille
83%
airBaltic/Ryanair Riga
83%
KM Malta Airlines/Ryanair Vienna
83%
Norwegian Air Shuttle Helsinki
82%
Ryanair Turin
82%
Ryanair Zagreb
82%
easyJet/Jet2.com/Ryanair Birmingham
81%
Luxair/Ryanair Luxembourg
80%
easyJet Nice
80%
airBaltic Tallinn
80%
easyJet Geneva
78%
Ryanair Kraków
78%
Qatar Airways Doha
77%
Eurowings Hamburg
77%
Universal Air Palermo
77%
Ryanair Porto
77%
Ryanair Sofia
76%
Ryanair Vilnius
76%
Ryanair Cologne/Bonn
75%
easyJet/Jet2.com/Ryanair Liverpool
75%
Jet2.com/Ryanair Belfast (International)
73%
KM Malta Airlines/Universal Air Prague
73%
Vueling Bilbao
72%
KM Malta Airlines/Ryanair Catania
70%
Ryanair Seville
70%
Ryanair/Volotea Bordeaux
69%
Ryanair Valencia
69%
Eurowings/KM Malta Airlines Düsseldorf
68%
Ryanair/Transavia Nantes
68%
Jet2.com Leeds/Bradford
66%
Eurowings Stuttgart
66%
Ryanair Bologna
65%
easyJet/Jet2.com Bristol
65%
Jet2.com Newcastle upon Tyne
65%
Ryanair Bari
64%
Ryanair Toulouse
64%
easyJet Basel/Mulhouse
61%
Ryanair Thessaloniki
60%
Ryanair Gdansk
59%
FlyLili/FLYYO/Ryanair Tel Aviv
57%
Ryanair Bratislava
55%
Ryanair/Wizz Air Katowice
55%
Ryanair Cagliari
52%
Ryanair Pisa
52%
Ryanair Wrocław
51%
Universal Air Ibiza
50%
Emirates Larnaca
50%
Ryanair Eindhoven
45%
Wizz Air Skopje
44%
Ryanair Shannon
43%
Ryanair Bergamo
42%
Jet2.com/Ryanair East Midlands
42%
Ryanair Trieste
41%
Universal Air Corfu
40%
Ryanair Paphos
40%
Ryanair Poznan
38%
Ryanair Bournemouth
36%
Ryanair Charleroi
36%
Ryanair Chania
33%
Universal Air Santorini
33%
MedSky Airways/Universal Air Tripoli (Mitiga)
31%
Ryanair Lamezia Terme
28%
Ryanair Memmingen
28%
Ryanair Treviso
28%
Ryanair Perugia
27%
Ryanair Beauvais
26%
Ryanair Trapani
26%
Ryanair Niš
25%
Ryanair Norwich
24%
Ryanair Pescara
24%
Ryanair Parma
17%
Ryanair Lourdes
16%
Ryanair Rzeszów
16%
Universal Air Salerno
16%
MedSky Airways Misrata
8%
Universal Air Pécs
2%
No matching quizzes found
Score Distribution
Percent of People with Each Score
Percentile by Number Answered
Your Score History
You have not taken this quiz since the last reset